Accounting for managers : (Record no. 7112)

MARC details
000 -LEADER
fixed length control field 00742cam a2200217 4500
001 - CONTROL NUMBER
control field 8242
005 - DATE AND TIME OF LATEST TRANSACTION
control field 20181127185441.0
008 - FIXED-LENGTH DATA ELEMENTS--GENERAL INFORMATION
fixed length control field 111013s2012 njua b 001 0 eng
010 ## - LIBRARY OF CONGRESS CONTROL NUMBER
LC control number 2011041449
020 ## - INTERNATIONAL STANDARD BOOK NUMBER
International Standard Book Number 9781119979678 (pbk.)
082 00 - DEWEY DECIMAL CLASSIFICATION NUMBER
Classification number 658.15/11
Edition number 23
100 1# - MAIN ENTRY--PERSONAL NAME
Personal name Collier, Paul M.
245 10 - TITLE STATEMENT
Title Accounting for managers :
Remainder of title interpreting accounting information for decision-making /
Statement of responsibility, etc. Paul M. Collier.
250 ## - EDITION STATEMENT
Edition statement 4th ed.
260 ## - PUBLICATION, DISTRIBUTION, ETC.
Place of publication, distribution, etc. Hoboken, N.J. :
Name of publisher, distributor, etc. Wiley,
Date of publication, distribution, etc. 2012.
300 ## - PHYSICAL DESCRIPTION
Extent xix, 558 p. :
Other physical details ill. (some col.) ;
Dimensions 24 cm.
504 ## - BIBLIOGRAPHY, ETC. NOTE
Bibliography, etc. note Includes bibliographical references and index.
650 #0 - SUBJECT ADDED ENTRY--TOPICAL TERM
Topical term or geographic name entry element Managerial accounting.
Topical term or geographic name entry element BUSINESS & ECONOMICS / Accounting / Managerial.
Source of heading or term
Holdings
Withdrawn status Lost status Source of classification or shelving scheme Damaged status Not for loan Collection code Home library Current library Shelving location Serial Enumeration / chronology Inventory number Total Checkouts Full call number Barcode Date last seen Price effective from Koha item type
    Dewey Decimal Classification     Main TEST RTC Library RTC Library Main opac 12423   658.15 COL 30012636 27/11/2018 27/11/2018 Main
Royal Thimphu College || All Right Reserved